000 02385cam a2200445 i 4500
999 _c330206
_d330206
001 18891886
003 NUST
005 20170614095337.0
008 151211s2014 pk 000 0 eng
010 _a 2015327592
020 _a9789696430018
025 _aP-E-2015327592; 14
037 _bLibrary of Congress -- Islamabad Overseas Office
040 _aDLC
_beng
_erda
_cDLC
042 _alcode
_apcc
043 _aa-pk---
050 0 0 _aTD194.68.P18
_bF574 2014
082 _a333.714 EIA
100 1 _aFischer, Thomas B.,
_d1965-
_92597
245 1 0 _aEnvironmental impact assessment course curriculum for Higher education institutions in Pakistan /
_cThomas B Fischer, PhD FIEMA & Obaidullah Nadeem PhD FIPP.
246 1 _iTitle on page 2 of cover:
_aEnvironmental Impact Assessment (EIA) course curriculum for Higher education institutions in Pakistan
246 1 7 _aEIA course curriculum for Higher education institutions in Pakistan
264 1 _aIslamabad :
_bIUCN Pakistan (National Impact Assessment Programme),
_c2014.
300 _a218 pages ;
_c28 cm
336 _atext
_btxt
_2rdacontent
337 _aunmediated
_bn
_2rdamedia
338 _avolume
_bnc
_2rdacarrier
500 _aCover title.
500 _a"Netherlands Commission for Environmental Impact Assessment"
500 _a"Environmental Impact Assessment (EIA) course curriculum for higher education institutions in Pakistan was prepared under the National Impact Assessment Programme (NIAP), a joint initiative of the Government of Pakistan and IUCN Pakistan, with the financial support of the Embassy of the Kingdom of the Netherlands (EKN)."--Page 2 of cover.
501 _aP.B
504 _aIncludes bibliographical references (pages 203-218).
650 0 _aEnvironmental impact analysis
_xStudy and teaching (Higher)
_zPakistan.
_92598
650 0 _aEnvironmental education
_xStudy and teaching (Higher)
_zPakistan.
_92599
700 1 _aNadeem, Obaidullah,
_eauthor.
_92600
710 2 _aIUCN--the World Conservation Union, Pakistan.
_92601
710 2 _aIUCN--the World Conservation Union, Pakistan.
_bNational Impact Assessment Programme.
_92602
710 1 _aNetherlands.
_bEmbassy (Pakistan),
_esponsoring body.
_92603
710 2 _aCommissie voor de milieueffectrapportage (Netherlands)
_92604
906 _a7
_bcbc
_corigode
_d3
_encip
_f20
_gy-gencatlg
942 _2ddc
_cBK
_kIESE